| 000 | 01440cam a2200337 a 4500 | ||
|---|---|---|---|
| 001 | 15196607 | ||
| 005 | 20081112121725.0 | ||
| 008 | 080227s2008 enk b 001 0 eng | ||
| 010 | _a2008006027 | ||
| 020 | _a9780199219322 (acidfree paper) | ||
| 020 | _a019921932X (acidfree paper) | ||
| 035 | _a(OCoLC)191929793 | ||
| 035 | _a(OCoLC)ocn191929793 | ||
| 040 |
_aDLC _cDLC _dBTCTA _dBAKER _dYDXCP _dBWKUK _dBWK _dNLGGC _dBWX _dCDX _dDLC |
||
| 050 | 0 | 0 |
_aJZ1242 _b.O94 2008 |
| 082 | 0 | 0 |
_a327 _222 _bOXF |
| 084 |
_a89.70 _2bcl |
||
| 245 | 0 | 4 |
_aThe Oxford Handbook of International Relations / _cedited by Christian Reus-Smit and Duncan Snidal. |
| 246 | 3 | 0 | _aInternational relations |
| 260 |
_aOxford ; _aNew York : _bOxford University Press, _cc2008. |
||
| 300 |
_axiii, 772 p. ; _c26 cm. |
||
| 440 | 0 |
_aOxford handbooks of political science _96739 |
|
| 504 | _aIncludes bibliographical references and indexes. | ||
| 650 | 0 |
_aInternational relations. _96740 |
|
| 650 | 0 |
_aWorld politics. _96741 |
|
| 700 | 1 |
_aReus-Smit, Christian. _d1961- _96742 |
|
| 700 | 1 |
_aSnidal, Duncan. _96743 |
|
| 942 |
_2ddc _cREFERENCE |
||
| 999 |
_c11975 _d11975 |
||